| 000 | 00530nam a22002057a 4500 | ||
|---|---|---|---|
| 003 | OSt | ||
| 005 | 20140311162959.0 | ||
| 008 | 130206t xxu||||| |||| 00| 0 eng d | ||
| 020 | _a9711110504 | ||
| 050 |
_aLB 2369 _b.C39 2000 |
||
| 100 | _aCatane, Juliet A. | ||
| 245 |
_aConducting research : _ba practical application. / _cJuliet A. Catane. |
||
| 260 |
_aQuezon City : _bJMC Press, _c2000. |
||
| 300 |
_a155 p. : _c26 cm. |
||
| 521 | _aEDU | ||
| 562 | _e2 | ||
| 942 |
_2lcc _cBK _kLOC |
||
| 999 |
_c39144 _d39144 |
||